| 000 | 01928cam a2200301 4500500 | ||
|---|---|---|---|
| 005 | 20260301001108.0 | ||
| 041 | _afre | ||
| 042 | _adc | ||
| 100 | 1 | 0 |
_aRoblin, Xavier _eauthor |
| 700 | 1 | 0 |
_aBarrau, Mathilde _eauthor |
| 245 | 0 | 0 | _aVers une médecine personnalisée sous anti-TNF ? : pas encore… |
| 260 | _c2024. | ||
| 500 | _a6 | ||
| 520 | _aThere is a link between the presence of the HLA DQA1-05 allele and the development of anti-TNF antibodies. Testing for the HLA DQA1-05 variant makes it possible to isolate patients at high immunogenic risk under anti-TNF therapy, but sensitivity and specificity are insufficient to propose precise algorithms based on the result. This test remains a decision-making tool. Elevated IFX clearance identifies patients at greatest risk of colectomy in the follow-up of severe acute colitis. | ||
| 520 | _aIl existe un lien entre la présence de l’allèle HLA DQA1-05 et le développement d’anticorps anti-TNF. La recherche du variant HLA DQA1-05 permet d’isoler les patients à fort risque immunogène sous anti-TNF mais les sensibilité et spécificité sont insuffisantes pour proposer des algorithmes précis en fonction du résultat. Ce test reste un outil d’aide à la décision. L’élévation de la clairance de l’IFX identifie les patients les plus à risque de colectomie dans le suivi de colite aiguë grave. | ||
| 690 | _aanticorps anti-TNF | ||
| 690 | _abiothérapie | ||
| 690 | _aclairance de l’infliximab | ||
| 690 | _aMICI | ||
| 690 | _avariant HLA DQA1-05 | ||
| 690 | _aanti-TNF antibody | ||
| 690 | _abiotherapy | ||
| 690 | _aHLA DQA1-05 variant | ||
| 690 | _aIBD | ||
| 690 | _ainfliximab clearance | ||
| 786 | 0 | _nHépato-Gastro & Oncologie Digestive | 31 | 1 | 2024-01-01 | p. 29-32 | 2115-3310 | |
| 856 | 4 | 1 | _uhttps://stm.cairn.info/revue-hepato-gastro-et-oncologie-digestive-2024-1-page-29?lang=fr&redirect-ssocas=7080 |
| 999 |
_c1673140 _d1673140 |
||